| 000 | 00746cab a2200241 4500 | ||
|---|---|---|---|
| 001 | ABS60642 | ||
| 008 | 090401t1999 xxu||||| |||| 00| 0 eng d | ||
| 035 | _a(Sirsi) u93381 | ||
| 041 | _aeng | ||
| 100 | _aSimpkins, E. | ||
| 245 | 4 | _aThe next step for PFI | |
| 260 | _c1999 | ||
| 350 | _a0 | ||
| 490 |
_aEstates Gazette _v(9917) 1 May 1999, 49(1) |
||
| 520 | _aThe NAO report into the PRIME deal, the biggest property PFI deal so far, suggests changes which will have implications for STEPS - which will become the largest PFI project so far. | ||
| 650 | _aNATIONAL AUDIT OFFICE | ||
| 650 | _aPFI | ||
| 650 | _aPRIME | ||
| 650 | _aSTEPS | ||
| 690 | _aPROPERTY-PROPERTY FINANCE AND INVESTMENT | ||
| 942 | _n0 | ||
| 948 | _c18/05/1999 | ||
| 999 |
_c59185 _d59185 |
||